| 000 | 00694nam a2200253Ia 4500 | ||
|---|---|---|---|
| 008 | 160418s9999 xx 000 0 und d | ||
| 020 | _a971-584-496-0 | ||
| 050 | _aFIL PL 5548.4 | ||
| 050 | _b.M36 2006 | ||
| 100 | _aMangahas, Rogelio G. | ||
| 245 | _aGagamba sa uhay : | ||
| 245 | _bkalipunan ng mga haiku / | ||
| 245 | _cRogelio G. Mangahas. | ||
| 260 | _aQuezon City: | ||
| 260 | _bC & E Pub. Inc., | ||
| 260 | _c2006 | ||
| 300 | _a183 pages : | ||
| 300 | _billustrations ; | ||
| 300 | _c19 cm. | ||
| 500 | _aIncludes bibliographical references. | ||
| 650 | _aFilipino poetry. | ||
| 650 | _aHaiku, Filipino -- Translations into English. | ||
| 650 | _xHaiku, Filipino. | ||
| 999 |
_c293599 _d293599 |
||